Ekonomický potenciál Slovenska 2001 [vydané pri príležitosti stretnutia absolventov Fakulty riadenia Vysokej školy ekonomickej ..., Chtelnica, 5.- 6.5.2001]

Gespeichert in:
Bibliographische Detailangaben
Format: Buch
Sprache:Slowakisch
Veröffentlicht: Bratislava Združenie za ekonomickú prosperitu Slovenska 2001
Schlagworte:
Tags: Tag hinzufügen
Keine Tags, Fügen Sie das erste Tag hinzu!

MARC

LEADER 00000nam a2200000 4500
001 c125011
005 20221108082851.7
020 |a 80-968569-0-1 
041 0 |a slo 
044 |a SK 
245 1 0 |a Ekonomický potenciál Slovenska 2001  |b [vydané pri príležitosti stretnutia absolventov Fakulty riadenia Vysokej školy ekonomickej ..., Chtelnica, 5.- 6.5.2001] 
264 1 |a Bratislava  |b Združenie za ekonomickú prosperitu Slovenska  |c 2001 
300 |a 31 s. 
610 2 0 |a veda ekonomická 
610 2 0 |a ekonómia 
610 2 0 |a školy vysoké 
610 2 0 |a vzdelanie vysokoškolské 
610 2 0 |a odbory študijné 
610 2 0 |a smernice organizačné 
610 2 0 |a vývoj hospodársky